Nation at war. (Record no. 73176)

MARC details
000 -LEADER
fixed length control field 00715cam a22002411 4500
001 - CONTROL NUMBER
control field sa 67002282
003 - CONTROL NUMBER IDENTIFIER
control field DLC
005 - DATE AND TIME OF LATEST TRANSACTION
control field 20260227112330.0
008 - FIXED-LENGTH DATA ELEMENTS--GENERAL INFORMATION
fixed length control field 870318s1966 ii 000 0 eng
010 ## - LIBRARY OF CONGRESS CONTROL NUMBER
LC control number sa 67002282
025 ## - OVERSEAS ACQUISITION NUMBER
Overseas acquisition number PL480:I-E-7527
035 ## - SYSTEM CONTROL NUMBER
System control number (OCoLC)15336965
040 ## - CATALOGING SOURCE
Original cataloging agency DLC
Transcribing agency NRU
Modifying agency DLC
042 ## - AUTHENTICATION CODE
Authentication code premarc
050 00 - LIBRARY OF CONGRESS CALL NUMBER
Classification number DS384
Item number .G6
082 ## - DEWEY DECIMAL CLASSIFICATION NUMBER
Classification number 320.9/54
100 1# - MAIN ENTRY--PERSONAL NAME
Personal name Golwalkar, Madhav Sadashiv.
245 10 - TITLE STATEMENT
Title Nation at war.
Statement of responsibility, etc. [By Sri Guruji.
260 ## - PUBLICATION, DISTRIBUTION, ETC.
Place of publication, distribution, etc. Karnatak, India,
Name of publisher, distributor, etc. Prakashan Vibhag, Rashtriya Swayamsevak Sangh; sole distributors: Rashtrotthana Sahitya, Bangalore,
Date of publication, distribution, etc. 1966]
300 ## - PHYSICAL DESCRIPTION
Extent 33 p.
Dimensions 19 cm.
500 ## - GENERAL NOTE
General note Cover title.
650 #0 - SUBJECT ADDED ENTRY--TOPICAL TERM
Topical term or geographic name entry element India-Pakistan Conflict, 1965.

No items available.

Powered by Koha